000 00329nam a22001337a 4500
008 170201b xxu||||| |||| 00| 0 eng d
020 _a9780781762649
041 _aeng
080 _25ED
_a61
100 _a3
101 _aSHM
245 _aMED MATH DOSAGE CALCULATION PREPARATION ADMINSTRATION
_cBUSHHOLZ AUSAN
942 _2udc
_cBK
999 _c4185
_d4185